Αξιοποίηση εργαλείων της γεωπληροφορικής στη μελέτη της χωρικής κατανομής καρκίνων στη πόλη της Μυτιλήνης : πτυχιακή εργασία
Αποθηκεύτηκε σε:
| Κύριος συγγραφέας: | |
|---|---|
| Συγγραφή απο Οργανισμό/Αρχή: | |
| Άλλοι συγγραφείς: | |
| Μορφή: | Thesis Βιβλίο |
| Γλώσσα: | Greek |
| Δημοσίευση: |
2005.
|
| Θέματα: | |
| Ετικέτες: |
Προσθήκη ετικέτας
Δεν υπάρχουν, Καταχωρήστε ετικέτα πρώτοι!
|
MARC
| LEADER | 00000cam a2200000 i 4500 | ||
|---|---|---|---|
| 001 | 1/25198 | ||
| 008 | 060227s2005 gre d | ||
| 035 | |l 10082855 | ||
| 040 | |a GR-MY-UA |b gre |e aacr | ||
| 041 | 0 | |a gre | |
| 082 | 0 | |a 616.994 |2 (22) | |
| 100 | 1 | |a Καλαϊτζόγλου, Αθανάσιος. | |
| 245 | 1 | 0 | |a Αξιοποίηση εργαλείων της γεωπληροφορικής στη μελέτη της χωρικής κατανομής καρκίνων στη πόλη της Μυτιλήνης : |b πτυχιακή εργασία / |c Καλαϊτζόγλου Αθανασία, Καραελευθερίου Δέσποινα ; υπεύθυνος καθηγητής Βαϊτης Μιχαήλ. |
| 260 | |c 2005. | ||
| 300 | |a 50 σ. ; |b πιν., χαρτ. ; |c 30 εκ. | ||
| 500 | |a Μέλη εξεταστικής επιτροπή: Βαϊτης Μιχαήλ, Κουκούλας Σωτήριος, Ιωσηφίδης Θεοδώρος. | ||
| 502 | |a Πτυχιακή εργασία - Πανεπιστήμιο Αιγαίου, Λέσβος, 2005. | ||
| 650 | 0 | |a Medical geography |z Greece |z Mytilene (Lesbos) | |
| 650 | 0 | |a Cancer |z Greece |z Mytilene (Lesbos) | |
| 650 | 0 | 0 | |a Cancer |x Maps. |
| 650 | 0 | 0 | |a Cancer |x Geographic information sytems. |
| 650 | 0 | 0 | |a Dissertations, Academic |z Greece. |
| 700 | 1 | |a Καραελευθερίου, Δέσποινα. | |
| 700 | 1 | |a Βαΐτης, Μιχάλης, |e dgs | |
| 710 | 2 | |a Πανεπιστήμιο Αιγαίου |b Σχολή Περιβάλλοντος |b Πρόγραμμα Σπουδών Επιλογής Περιβαλλοντική Χαρτογραφία. | |
| 852 | |a INST |b LESVOS |c DIATR |e 20060227 |h 119 |p 005100035688 |q 005100035688 |t DIE |y 23 | ||
| 852 | |a INST |b LESVOS |c DIATR |e 20060227 |h 120 |p 005100035676 |q 005100035676 |t DIE |y 23 | ||
| 901 | |a BIBL1-2006-1 | ||
| 909 | |a Λ |b 124242 | ||
| 909 | |a Λ |b 124243 | ||
| 924 | |a ΚΑΛΑΪΤΖΟΓΛΟΥ |b ΑΘΑΝΑΣΙΟΣ |y ΛΕΣΒΟΣ |z 2005-09 | ||
| 924 | |a ΚΑΡΑΕΛΕΥΘΕΡΙΟΥ |b ΔΕΣΠΟΙΝΑ |y ΛΕΣΒΟΣ |z 2005-09 | ||
| 970 | |a ΜΑΡΙΝΑΤΟΥ |b ΜΥΡΣΙΝΗ |z 2006/02/27 | ||